[Event "India rating op"]
[Site "India"]
[Date "2019.02.03"]
[Round "1"]
[White "Ramnathan, Balasubramaniam"]
[Black "Sangeet, Tomar"]
[Result "1-0"]
[WhiteElo "2238"]
[BlackElo "1118"]
[PlyCount "93"]
[EventDate "2019.02.03"]
[EventType "swiss"]
[EventRounds "11"]
[EventCountry "IND"]
[SourceTitle "EXT 2021"]
[Source "ChessBase"]
[SourceDate "2020.10.23"]
[SourceVersion "1"]
[SourceVersionDate "2020.10.23"]
[SourceQuality "1"]

1. Nf3 d5 2. g3 Nf6 3. Bg2 e6 4. 0-0 Bd6 5. b3 b6 6. c4 Bb7 7. Bb2 Nbd7 8. Nc3 a6 9. Rc1 Rc8 10. d4 0-0 11. Re1 Re8 12. a3 c6 13. Qc2 h6 14. e4 dxe4 15. Nxe4 Nxe4 16. Qxe4 Nf6 17. Qc2 c5 18. Rcd1 Qc7 19. dxc5 bxc5 20. Bxf6 gxf6 21. Qd2 Bf8 22. Nh4 Bxg2 23. Nxg2 Rcd8 24. Qc3 Bg7 25. b4 cxb4 26. axb4 Rxd1 27. Rxd1 f5 28. Qc2 Rc8 29. c5 Rb8 30. Qc4 Qc6 31. Ne3 Qb5 32. Qxb5 Rxb5 33. c6 Be5 34. Nc4 Bc7 35. Rd7 Rxb4 36. Nd2 Rb2 37. Kg2 Rc2 38. Rxc7 Rxd2 39. Ra7 Rc2 40. Rxa6 Kf8 41. Kf3 Ke7 42. Ra7+ Kd6 43. Rxf7 Rxc6 44. Rf6 Rc3+ 45. Kg2 Ke5 46. Rxh6 Rf3 47. Kxf3 1-0